Algunas consideraciones de ética profesional para los abogados

Na minha lista:
Detalhes bibliográficos
Autor principal: Guerrero L., Euquerio (Author)
Formato: Livro
Idioma:espanhol
Publicado em: Ciudad de México Porrúa 1991
Edição:5a. ed
Assuntos:
Tags: Adicionar Tag
Sem tags, seja o primeiro a adicionar uma tag!

MARC

LEADER 00000nam a2200000 a 4500
001 UCV2898
003 CL-VaPUC
008 921221e19910000MX |||||||||||||||||spa|d
082 0 4 |a 340.1  |b GUE  |2 21 
100 0 |a Guerrero L., Euquerio  |e author  |9 297201 
245 1 0 |a Algunas consideraciones de ética profesional para los abogados 
250 |a 5a. ed 
300 |a 75 p 
942 |c BK 
945 |d 19921221 00:00:00 
260 |a Ciudad de México  |b Porrúa  |c 1991 
650 0 |a Filosofía del derecho   |9 255050 
583 |a last modification  |c 19921221 00:00:00  |k Rodrigo Vera 
999 |c 210352  |d 210350 
952 |0 0  |1 0  |4 0  |6 340_100000000000000_GUE_1991  |7 0  |8 DER_TF  |9 186500  |a BIBDER  |b BIBDER  |d 2019-11-14  |i 2539985  |o 340.1 GUE 1991  |p 2539985  |r 2023-01-25  |w 2019-11-14  |x Ubicación 4to Piso  |y BK  |z Estos recursos deben solicitarse con anticipación  |k DER